| 000 | 00470nam a22001697a 4500 | ||
|---|---|---|---|
| 005 | 20140310181757.0 | ||
| 008 | 130702t xxu||||| |||| 00| 0 eng d | ||
| 020 | _a0126487200 | ||
| 050 |
_aQA 76.575 _b.Sl632 1995 |
||
| 082 |
_aREF 004.16 _bM91 1995 |
||
| 245 |
_aThe multimedia dictionary. / _ced. by Sleurink, H. |
||
| 260 |
_aLondon : _b Academic Press ltd., _cc1995. |
||
| 300 |
_a351 p. : _bill. ; _c23 cm. |
||
| 562 | _e | ||
| 942 |
_2lcc _cBK |
||
| 999 |
_c3510 _d3510 |
||